000 01863cad a22002775a 4500
001 E147105
008 090401s2009 stk f s000 0 eng d
020 _a9780755974771
022 1 _a0141-514X
035 _a(Sirsi) u147105
041 0 _aeng
050 0 4 _a711.1 $2 18
110 2 _aScotland
_bScottish Government
_95344
245 0 4 _aNotification of planning applications
_bplanning circular 3 2009
_h[electronic resource]
260 _aEdinburgh
_bScottish Government
_c2009
490 0 _aPlanning Circular
_v(3/2009)
505 2 _aIntroduction -- Scottish Minister's role in planning applications -- Changes to the system for notification to Scottish Ministers -- Notification of applications direction -- Category 1: development in which planning authorities have an interest -- Category 2: objection by Government agency -- Category 3: opencast coal and related minerals -- Removal of other standard notification categories -- Other notification directions still in force -- Submission of documents to Scottish Ministers -- Scottish Government handling of notified applications -- Further copies and enquiries -- Annex: notification direction
520 _aOffers guidance on circumstances where planning authorities must, as a matter of course, notify Scottish Ministers where they propose to grant planning permission. Replaces the guidance previously given in SEDD Circular 5/2007 (ISBN 9780755966134), which is hereby withdrawn.
521 _aAdvanced
590 _aKA
650 2 4 _aTOWN AND COUNTRY PLANNING (NOTIFICATION OF APPLICATIONS) (SCOTLAND) DIRECTION 2009
651 4 _aScotland
_y1999-
690 _aENVIRONMENTAL AND LAND CONSULTANCY-PLANNING AND DEVELOPMENT-PLANNING GUIDANCE
856 4 0 _uhttps://www.scotland.gov.uk/Publications/2009/03/27112705/0
_zView the circular free of charge at www.scotland.gov.uk...
942 _n0
999 _c109449
_d109449